000 00324nam a22001337a 4500
008 260311b ||||| |||| 00| 0 eng d
020 _a9789940623005
041 _aeng
080 _a2.1
100 _a20.1
101 _ainstituti per kerkime
245 _aInstituti per kërkime shkencore dhe zhvillimi
942 _2udc
_cBK
999 _c60884
_d60884